| 000 | 01001cam a2200229 4500 | ||
|---|---|---|---|
| 001 | ABS65819 | ||
| 008 | 020905n2002 000 0 eng u | ||
| 035 | _a(Sirsi) u119580 | ||
| 100 | _aElliot, T. | ||
| 245 | _aHush money | ||
| 260 | _c2002 | ||
| 490 |
_aBuilding _v267(8248) 30 August 2002, 38(1) |
||
| 520 | _aConsiders recent cases that concentrate on noise nusiance and warns there is likely to be many more to come. In Stannard vs Al Sharekh, the law of nuisance came to the aid of a tenant whose life was being spoilt by noisy neighbours upstairs. The layout of the upstairs flat had been changed and new floors had been installed. The judge subsequently ordered the necessary repairs to be carried out which abated the noise. | ||
| 590 | _aABS | ||
| 650 | _aNOISE NUISANCE | ||
| 650 | _aSTANNARD V CHARLES PITCHER LTD AND OTHERS | ||
| 650 | _aFARLEY V SKINNER | ||
| 650 | _aAIRCRAFT NOISE | ||
| 650 | _aSURVEYORS' NEGLIGENCE | ||
| 690 |
_aDispute resolution _96236 |
||
| 942 | _n0 | ||
| 999 |
_c71098 _d71098 |
||